• 首页
  • 本馆介绍
  • 公告通知
  • 最新文献
  • 馆藏检索
  • 电子资源
  • 读者导购
  • 参考咨询
  • 我的图书馆
  • 登录
  • 详细信息显示
  • 放入我的书架
  • 预约/预借图书
  • 作者相关作品
  • 分类相关作品
  • 丛书相关作品
  • 出版社相关作品

书目信息

  • 表格格式
  • 工作单格式
  • 卡片格式
书名: 中国国防
作者: 彭光谦著.
分册号:
分册名:
出版地: 北京 :
 
出版社: 五洲传播出版社
出版时间: 2004.
页数: 191 p. ;
开本: 20cm.
丛书名: 中国基本情况丛书
中图分类号:
科图分类号:
其他分类号: E25:H33
主题词:
电子资源:
000 00434nam 2200169 a 4500
001 E0761181905
005 20071001170126.43
008 071001s2004 00010 eng
020    @a978-7-5085-0624-1 :@cCNY45.00.
040    @aPFT@bchi
041    @achi@hger
090    @aE25:H33
099    @dE25:H33@ex12
245    @a中国国防 / @c彭光谦著.
260    @a北京 :@b五洲传播出版社,@c2004.
300    @a191 p. ;@c20cm.
440    @a中国基本情况丛书
    
    中国国防 / / 彭光谦著.-北京 : : 五洲传播出版社, , 2004.
    191 p. ; ; 20cm.- (中国基本情况丛书)
    
    
    ISBN 978-7-5085-0624-1 :CNY45.00.
    
●
相关链接 在E读中查询图书 在五车中查询图书 在当当中查询图书 在豆瓣中查询图书


正题名:中国国防     索取号:E25:H33/x12         预约/预借

序号 登录号 条形码 馆藏地/架位号 状态 备注
1 17471   300174718   第二样本阅览室/ [索取号:E25:H33/x12] 在馆    
2 17472   300174727   第四借阅区/ [索取号:E25:H33/x12] 在馆    
3 17473   300174736   第四借阅区/ [索取号:E25:H33/x12] 在馆    
4 17685   300176850   第四借阅区/ [索取号:E25:H33/x12] 在馆    
唐山师范学院图书馆 欢迎您!
大连网信软件有限公司© 版权所有